Strategic management

Bibliographic Details
Main Author: Diwan, Parag
Corporate Author: Title
Format: Book
Published: Kuala Lumpur : Golden Books Centre , 1999
Subjects:

MARC

LEADER 00000cam a2200000 7i4500
001 0000014356
005 20080311.0
008 290208
020 |a 9837203870 
090 0 0 |a 658.4012   |b DIW 
100 1 |a Diwan, Parag 
245 1 0 |a Strategic management   |c Parag Diwan 
260 |a Kuala Lumpur :   |b Golden Books Centre ,   |c 1999 
650 0 |a Management 
650 0 |a Strategic planning 
710 1 |a Title 
999 |a 0000926378   |b Book   |c Adult Collection   |e Cawangan Bukit Gambir 
999 |a 0000935542   |b Book   |c Adult Collection   |e Cawangan Tangkak 
999 |a 0001011039   |b Book   |c Adult Collection   |e Cawangan Kota Tinggi 
999 |a 0001011041   |b Book   |c Adult Collection   |e Perbadanan Perpustakaan Awam Johor